[Event "Douglas IoM op-B"]
[Site "Douglas"]
[Date "2018.10.25"]
[Round "4"]
[White "Everett, Joe"]
[Black "Algars, Olle"]
[Result "1-0"]
[WhiteElo "1909"]
[BlackElo "2018"]
[PlyCount "43"]
[EventDate "2018.10.22"]
[EventType "swiss"]
[EventRounds "7"]
[EventCountry "IOM"]
[SourceTitle "CBM 187 Extra"]
[Source "ChessBase"]
[SourceDate "2018.11.04"]
[SourceVersion "1"]
[SourceVersionDate "2018.11.04"]
[SourceQuality "1"]

1. e4 c5 2. Nf3 e6 3. c3 Nf6 4. e5 Nd5 5. d4 cxd4 6. cxd4 d6 7. Bd3 Bd7 8. a3 Be7 9. 0-0 Nc6 10. Qe2 Qb6 11. exd6 Bxd6 12. Be3 Qc7 13. Nc3 Nxc3 14. bxc3 Qa5 15. c4 Qh5 16. Rab1 b6 17. Rb5 f5 18. c5 Bc7 19. cxb6 axb6 20. d5 Na7 21. dxe6 Bxe6 22. Bf4 1-0

[Event "London Classic op"]
[Site "London"]
[Date "2017.12.04"]
[Round "4"]
[White "Caglar, Sila"]
[Black "Everett, Joe"]
[Result "1-0"]
[WhiteElo "2167"]
[BlackElo "1922"]
[PlyCount "63"]
[EventDate "2017.12.02"]
[EventType "swiss"]
[EventRounds "9"]
[EventCountry "ENG"]
[SourceTitle "CBM 182 Extra"]
[Source "ChessBase"]
[SourceDate "2018.02.23"]
[SourceVersion "1"]
[SourceVersionDate "2018.02.23"]
[SourceQuality "1"]

1. e4 e5 2. Nf3 Nc6 3. Bc4 Bc5 4. 0-0 Nf6 5. d3 h6 6. c3 Qe7 7. a4 a6 8. h3 0-0 9. Re1 d6 10. Bb3 Re8 11. Nbd2 Be6 12. Bc2 Qf8 13. Nf1 d5 14. d4 dxe4 15. Nxe5 Nxe5 16. dxe5 Rad8 17. Qe2 Nd5 18. Qxe4 g6 19. Ng3 f5 20. Qf3 Qg7 21. h4 Bc8 22. h5 f4 23. Bxf4 g5 24. Be3 Nxe3 25. fxe3 Qxe5 26. Be4 Rf8 27. Qe2 Bb6 28. a5 Bxa5 29. Qc4+ Be6 30. Rxa5 b5 31. Qc6 Qf6 32. Rxa6 1-0

[Event "London Classic op"]
[Site "London"]
[Date "2017.12.02"]
[Round "1"]
[White "Gumularz, Szymon"]
[Black "Everett, Joe"]
[Result "1-0"]
[WhiteElo "2376"]
[BlackElo "1922"]
[PlyCount "105"]
[EventDate "2017.12.02"]
[EventType "swiss"]
[EventRounds "9"]
[EventCountry "ENG"]
[SourceTitle "CBM 182 Extra"]
[Source "ChessBase"]
[SourceDate "2018.02.23"]
[SourceVersion "1"]
[SourceVersionDate "2018.02.23"]
[SourceQuality "1"]

1. e4 c5 2. Ne2 d6 3. g3 g6 4. c3 e5 5. d4 Nc6 6. Bg2 Bg7 7. dxc5 dxc5 8. Qxd8+ Nxd8 9. Be3 b6 10. a4 Nc6 11. Na3 Ba6 12. Nb5 Bxb5 13. axb5 Na5 14. Ra4 c4 15. 0-0 Nf6 16. f3 0-0 17. Rfa1 Rfd8 18. Kf2 Bf8 19. Bh3 Ne8 20. Nc1 Nc7 21. Bf1 Nxb5 22. Rxa5 bxa5 23. Bxc4 Rab8 24. Rxa5 Nc7 25. b4 a6 26. Rxe5 Nb5 27. Bxb5 Rxb5 28. Rxb5 axb5 29. Ne2 Bg7 30. Bd4 Rc8 31. Ke3 Bxd4+ 32. Kxd4 Kf8 33. Kd3 Ke8 34. Nd4 Rb8 35. e5 Kd7 36. Ke4 Kc7 37. Kd5 Kb6 38. Kd6 Rb7 39. f4 h5 40. h3 Rc7 41. Ne2 Rc6+ 42. Ke7 Rc7+ 43. Kf6 Kb7 44. g4 hxg4 45. hxg4 Kc8 46. Nd4 Rxc3 47. Nxb5 Rf3 48. Nd6+ Kd7 49. f5 gxf5 50. gxf5 Rb3 51. Nxf7 Rxb4 52. e6+ Kc7 53. e7 1-0

[Event "Crawley e2e4 Gatwick op U1850"]
[Site "Crawley"]
[Date "2016.05.29"]
[Round "4"]
[White "Everett, Joe"]
[Black "Tivillier, Jacques"]
[Result "0-1"]
[WhiteElo "1795"]
[BlackElo "1699"]
[PlyCount "74"]
[EventDate "2016.05.27"]
[EventType "swiss"]
[EventRounds "7"]
[EventCountry "ENG"]
[SourceTitle "EXT 2019"]
[Source "ChessBase"]
[SourceDate "2018.10.10"]
[SourceVersion "1"]
[SourceVersionDate "2018.10.10"]
[SourceQuality "1"]

1. e4 c5 2. Nf3 a6 3. d4 cxd4 4. Nxd4 d6 5. Nc3 Nf6 6. Bg5 e6 7. f4 Nbd7 8. Qf3 Qc7 9. 0-0-0 Be7 10. g4 b5 11. Bxf6 Nxf6 12. g5 Nd7 13. f5 Nc5 14. f6 gxf6 15. gxf6 Bf8 16. Re1 Bd7 17. Bh3 0-0-0 18. Kb1 Kb8 19. a3 Bc8 20. Rhg1 Nd7 21. Qf2 Ne5 22. Rg3 Nc4 23. Bf1 Bb7 24. Ncxb5 axb5 25. Nxb5 Qb6 26. Qxb6 Nxb6 27. Bg2 Nc4 28. Nd4 Bh6 29. Bf1 Nd2+ 30. Ka1 Nxf1 31. Rxf1 Bxe4 32. Re1 Bb7 33. Rb3 Rc8 34. Kb1 Bf4 35. Rg1 Rhg8 36. Nc6+ Ka8 37. Rf1 Bxc6 0-1